[Event "Groningen Festival 2018"]
[Site "Groningen"]
[Date "2018.12.23"]
[Round "3"]
[White "Warmerdam, Max"]
[Black "Van Meegen, Ruud"]
[Result "1/2-1/2"]
[WhiteElo "2433"]
[BlackElo "2230"]
[Annotator "TA"]
[PlyCount "41"]
[EventDate "2018.12.22"]
[EventType "swiss"]
[EventCountry "NED"]
[SourceTitle "playchess.com"]
[Source "ChessBase"]
[SourceQuality "1"]

{[%evp 12,41,12,7,9,9,6,-16,-9,-16,0,0,0,-4,-8,0,0,-38,-45,-54,-61,-126,-132,-128,-140,-131,-44,-47,-50,-51,-50,-43]} 1. e4 c6 2. d4 d5 3. Nd2 dxe4 4. Nxe4 Bf5 5. Qf3 e6 6. Ne2 {B18: Classical Caro-Kann: 4...Bf5 sidelines} Be7 (6... Bxe4 7. Qxe4 Nf6 8. Qf3 Qb6 9. g3 c5 10. Bg2 Nc6 11. dxc5 Bxc5 12. O-O O-O 13. Bg5 {½-½ (13) Demchenko,A (2629)-Tomashevsky,E (2696) Minsk 2017}) 7. c3 {LiveBook: 8 Games} Bxe4 8. Qxe4 {The position is equal.} Nf6 9. Qe3 $146 ({Predecessor:} 9. Qc2 Nbd7 10. g3 O-O 11. Bg2 Qc7 12. O-O Rad8 13. c4 e5 {1-0 (24) Benoit,R (2064)-Guerrero,A (2201) Montevideo 2015}) 9... Qb6 10. Qg3 O-O 11. Nf4 Nbd7 12. Nd3 c5 $36 {[%mdl 2048] Black has some pressure.} 13. dxc5 Nxc5 14. Nxc5 Bxc5 15. Bd3 Rfd8 16. O-O {[#]} ({White should try} 16. Bc2 $15) 16... Bxf2+ $1 $17 {[%mdl 576] Decoy} 17. Rxf2 {Strongly threatening Bh6.} Ne4 $1 {[%mdl 64] Double Attack} 18. Be3 Nxg3 {[#]} (18... Rxd3 $17 19. Bxb6 Nxg3 20. hxg3 axb6) 19. Bxh7+ $1 $15 {[%mdl 512] Black is slightly better.} Kxh7 20. Bxb6 axb6 21. hxg3 {Accuracy: White = 60%, Black = 74%.} 1/2-1/2

[Event "Groningen Festival 2018"]
[Site "Groningen"]
[Date "2018.12.23"]
[Round "3"]
[White "Kislinsky, Alexey"]
[Black "Ernst, Sipke"]
[Result "1/2-1/2"]
[WhiteElo "2425"]
[BlackElo "2539"]
[Annotator "TA"]
[PlyCount "64"]
[EventDate "2018.12.22"]
[EventType "swiss"]
[EventCountry "NED"]
[SourceTitle "playchess.com"]
[Source "ChessBase"]
[SourceQuality "1"]

{[%evp 14,64,0,2,55,52,52,60,53,55,54,53,53,46,47,27,31,32,35,12,34,40,47,37,29,32,39,45,59,51,66,39,203,60,63,62,60,54,58,23,62,43,56,43,65,43,50,51,52,0,51,0,52]} 1. e4 e5 {[%cal Be7e5,Be5f4][%mdl 32]} 2. f4 d5 3. exd5 exf4 4. Nf3 Nf6 5. Nc3 Nxd5 6. Nxd5 Qxd5 7. d4 Bg4 {C36: King's Gambit Accepted: 3 Nf3 d5} (7... Bd6 8. c4 Qe4+ 9. Kf2 Bf5 10. c5 Be7 11. Bb5+ {1-0 (11) Bindrich,F (2588)-Zelbel,P (2440) Berlin 2018}) 8. Bxf4 {LiveBook: 3 Games} Qe4+ (8... Nd7 $11) 9. Qe2 $14 Qxe2+ $146 {White is slightly better.} ({Predecessor:} 9... Bxf3 10. gxf3 Qxe2+ 11. Bxe2 Nd7 12. O-O-O O-O-O 13. Bc4 f6 14. Rhe1 Kb8 15. Re6 {1-0 (49) Zelbel,P (2377)-Luft,D (2043) Pula 2012}) 10. Bxe2 Bd6 11. Bxd6 cxd6 12. h3 Bf5 13. O-O-O O-O 14. Bd3 Bxd3 15. Rxd3 Nc6 16. Rb3 b6 17. Re1 $36 {[%mdl 2048] White has good play.} d5 18. Rbe3 Rac8 19. Kd2 Rfd8 20. c3 Kf8 21. Ne5 Na5 22. b3 Nb7 $2 {[#]} (22... Nc6 $14) 23. Nd3 ({White must play} 23. Nxf7 $1 $18 Kxf7 24. Re7+ {[%mdl 64] Double Attack} Kg8 25. Rxb7) 23... Nd6 24. Nf4 Ne4+ 25. Kc2 Nf6 26. a4 Rd7 27. Re5 h6 28. R1e3 a5 29. g4 g6 30. Rf3 {[#] aiming for Nxg6+!} Kg7 31. Rfe3 Kf8 $1 32. Rf3 {Black must now prevent Nxg6+!} Kg7 {Accuracy: White = 48%, Black = 55%.} 1/2-1/2

[Event "Groningen Festival 2018"]
[Site "Groningen"]
[Date "2018.12.23"]
[Round "3"]
[White "Lahaye, Rick"]
[Black "Vrolijk, Liam"]
[Result "0-1"]
[WhiteElo "2404"]
[BlackElo "2440"]
[Annotator "TA"]
[PlyCount "72"]
[EventDate "2018.12.22"]
[EventType "swiss"]
[EventCountry "NED"]
[SourceTitle "playchess.com"]
[Source "ChessBase"]
[SourceQuality "1"]

{[%evp 25,72,-27,-27,-29,-31,-59,-31,-31,-32,-44,-32,-51,-44,-42,-11,-9,-7,-4,-6,-36,143,-14,-18,-256,-254,-288,-250,-321,-94,-335,-330,-470,-478,-477,-474,-475,-459,-475,-467,-486,-486,-486,-486,-483,-483,-657,-687,-681,-476]} 1. d4 Nf6 2. Nf3 d5 3. Bf4 c5 4. e3 e6 5. c3 Bd6 6. Bg3 O-O 7. Nbd2 Qc7 8. Ne5 b6 9. Bd3 Bb7 10. O-O Nc6 {[%cal Bb8c6,Bc6e7,Be7f5][%mdl 32]} 11. f4 Ne7 {D02: 1 d4 d5 2 Nf3 sidelines, including 2...Nf6 3 g3 and 2...Nf6 3 Bf4} 12. Qf3 (12. Qb1 Qc8 13. Bh4 Nf5 14. Bxf5 exf5 15. Bxf6 gxf6 16. Nef3 Qe6 17. Re1 Ba6 18. Nh4 cxd4 19. exd4 {1-0 (28) Korobov,A (2692)-Dominguez Perez,L (2739) Doha 2016}) 12... Nf5 13. Bf2 Be7 {LiveBook: 9 Games. Black has an edge.} 14. Qh3 Ne4 15. g4 {Bxe4 is the strong threat.} Nfd6 16. g5 Nf5 17. Ndf3 $146 c4 (17... Rad8 {with more complications.} 18. Rfd1 Qc8 19. Nd2 Bd6 20. Nxe4 dxe4 21. Be2 cxd4 22. cxd4 Qc2) 18. Bxe4 dxe4 19. Nh4 Qc8 20. Kh1 Bd6 21. Ng4 Kh8 $36 {[%mdl 2048] Black is more active.} 22. Rg1 Qd8 $2 (22... Ne7 $15 {keeps the upper hand.}) 23. Nxf5 $2 (23. g6 $1 $16 Ne7 24. Nf6 $1 {[%mdl 512]}) 23... exf5 $11 24. Nf6 $2 (24. Ne5 $11 {and White has nothing to worry.} g6 25. Qh6 (25. Nxc4 Bxf4 26. Qh4 Ba6 $11) 25... Bxe5 26. fxe5) 24... gxf6 $19 25. gxf6 Qxf6 {Threatens to win with ...Rg8.} 26. Bh4 {[%cal Rh4f6]} Qh6 $2 {[#]} (26... Qe6 $1 $19 {is more deadly. aiming for ...Rg8.} 27. Rg5 f6) 27. Bg5 $2 {[#]} (27. Be7 $1 $17 {[%mdl 512] was the only chance.} Qe6 (27... Bxe7 28. Qxh6) 28. Bxf8 Rxf8 29. d5) 27... Qe6 $1 ({Not} 27... Qxh3 28. Bf6#) 28. Qh4 (28. Rg3 {was necessary.} f6 29. Bh6) 28... f6 {Black is clearly winning.} 29. Qh6 Qf7 30. Bh4 Be7 31. Rg3 Rg8 32. Rag1 Rxg3 33. Rxg3 Rg8 34. Rh3 Qg6 {[%csl Gg8][%cal Rg6g2]} 35. Bg3 Qxh6 36. Rxh6 Bd5 {Accuracy: White = 25%, Black = 52%.} 0-1

[Event "Groningen Festival 2018"]
[Site "Groningen"]
[Date "2018.12.23"]
[Round "3"]
[White "De Boer, Eelke"]
[Black "Ulybin, Mikhail"]
[Result "1/2-1/2"]
[WhiteElo "2327"]
[BlackElo "2482"]
[Annotator "TA"]
[PlyCount "55"]
[EventDate "2018.12.22"]
[EventType "swiss"]
[EventCountry "NED"]
[SourceTitle "playchess.com"]
[Source "ChessBase"]
[SourceQuality "1"]

{[%evp 20,55,0,0,39,41,42,16,31,31,25,32,29,23,130,463,152,133,125,0,0,0,0,-9,-3,-2,0,0,0,0,0,0,7,7,7,8,8,0]} 1. e4 e6 2. d4 d5 3. Nc3 Nf6 4. Bg5 dxe4 5. Nxe4 Be7 6. Bxf6 Bxf6 7. Nf3 O-O 8. c3 Nd7 9. Bd3 e5 10. Qc2 {C13: French: Classical System: 4 Bg5 Be7, Alekhine-Chatard Attack} (10. Nxf6+ Qxf6 11. O-O exd4 12. Nxd4 Ne5 13. Be4 h6 14. Qe2 Rb8 15. f4 Nc6 16. Rad1 {½-½ (16) Kurnosov,I (2617)-Riazantsev,A (2617) Satka 2008}) 10... exd4 11. cxd4 {LiveBook: 3 Games} b6 12. O-O-O {White is slightly better.} Bb7 13. h4 c5 14. dxc5 Rc8 $1 {And now ...Bxe4 would win.} 15. Kb1 {aiming for Nfg5.} Nxc5 $146 ({Predecessor:} 15... g6 16. Bb5 Bxe4 17. Qxe4 Nxc5 {½-½ (60) Mestrovic,Z (2383)-Horvat,S (2107) Rabac 2004}) 16. Nxc5 {[%mdl 64] [#] Discovered Attack} Rxc5 (16... Qe7 $11) 17. Bxh7+ $16 {[%mdl 64] Discovered Attack} Kh8 18. Rxd8 Rxd8 19. Ng5 (19. Qe2 $16 Bxf3 20. gxf3 (20. Qxf3 Rd2 $11) 20... Kxh7 21. Rd1) 19... Rxc2 $11 {The position is equal.} 20. Bxc2 Bxg2 21. Nxf7+ {[%mdl 64] [#] Double Attack} Kg8 22. Rg1 Kxf7 23. Rxg2 {KRB-KRB} Rd2 24. h5 Re2 {Strongly threatening ...Re1+.} 25. Kc1 Bd4 {...Be3+! is the strong threat.} 26. Kd1 Rxf2 27. Rxf2+ Bxf2 28. Bg6+ {Accuracy: White = 72%, Black = 58%.} 1/2-1/2

[Event "Groningen Festival 2018"]
[Site "Groningen"]
[Date "2018.12.23"]
[Round "3"]
[White "Ashwath, R.."]
[Black "Tiviakov, Sergei"]
[Result "0-1"]
[WhiteElo "2314"]
[BlackElo "2613"]
[Annotator "TA"]
[PlyCount "114"]
[EventDate "2018.12.22"]
[EventType "swiss"]
[EventCountry "NED"]
[SourceTitle "playchess.com"]
[Source "ChessBase"]
[SourceQuality "1"]

{[%evp 19,114,14,9,9,0,22,27,4,0,0,0,0,0,0,6,2,13,0,4,-4,7,0,0,-5,-7,-9,-8,-11,0,-6,0,0,0,-7,0,0,0,0,0,0,0,0,0,0,0,0,0,0,0,0,0,-39,-43,-39,0,-18,-31,-72,-72,-72,-72,-72,-72,-72,-72,-72,-72,-72,-9,-17,-8,-71,-41,-25,-40,-566,-562,-766,-712,-740,-745,-29973,-29974,-29974,-29975,-29991,-29979,-29991,-29991,-29993,-29987,-29992,-29986,-29986,-29987,-29987,-29987]} 1. d4 Nf6 2. c4 e6 3. Nc3 Bb4 4. Nf3 b6 5. Bg5 Bb7 6. Qc2 c5 7. a3 {E12: Queen's Indian: Unusual White 4th moves, 4 a3, 4 Nc3 Bb7 5 a3 and 4 Nc3 Bb7} Bxc3+ 8. Qxc3 O-O (8... Ne4 9. Bxd8 Nxc3 10. Bh4 Ne4 11. e3 Nc6 12. dxc5 bxc5 13. Bd3 Ne7 14. Nd2 Nxd2 15. Kxd2 {1-0 (98) Cheparinov,I (2672)-Granda Zuniga,J (2665) Camarinas 2013}) 9. e3 d6 10. dxc5 bxc5 {LiveBook: 13 Games} 11. Bxf6 Qxf6 12. Qxf6 gxf6 13. b4 $146 ({Predecessor:} 13. O-O-O Rd8 14. Rg1 a5 15. Be2 {½-½ (43) Brunsteins,D (2251)-Bernal Varela,N (2190) IECG email 2006}) 13... cxb4 14. axb4 a5 15. bxa5 Nc6 16. Be2 Rxa5 17. O-O Rc8 18. Rad1 Ra2 19. Rfe1 Rd8 20. Nd4 Kf8 21. Bf3 (21. Nb5 {is more complex.} Ke7 22. Kf1 f5 23. f3 Ne5 24. Ra1) 21... Nxd4 22. Rxd4 Bxf3 23. gxf3 $11 {[%mdl 4096] Endgame KRR-KRR} Ke7 24. Rb1 Ra5 25. Rb7+ Rd7 26. Rb6 Rg5+ 27. Kf1 Rh5 28. Kg2 f5 29. f4 Rh6 30. Ra6 Rg6+ 31. Kf1 Rg8 32. Rb6 h5 33. h3 h4 34. Ra6 Rb8 35. e4 fxe4 36. Rxe4 f5 37. Re3 Rc8 38. Ra2 Kf6 39. Rae2 Re7 40. Rd3 Rxc4 {aiming for ...d5.} 41. Rxd6 Rxf4 42. Kg2 Rc4 43. Re3 f4 ({Black should try} 43... Re8 $17) 44. Ra3 Kf5 {White should prevent ...Rg7+.} 45. Ra5+ (45. Rd8 $11) 45... e5 $17 {White must now prevent ...Rc3.} 46. Rh6 $1 Rg7+ 47. Kh2 $2 {[%mdl 8192] [#]} ({Better is} 47. Kf1 $15) 47... Rg5 $19 48. Raa6 {intending f3.} Rc2 49. Kh1 Ke4 50. Rhb6 Kf3 {Black mates.} 51. Ra1 Kxf2 52. Rb2 Re2 53. Re1 f3 54. Rd1 Rg1+ 55. Kh2 {[#]} Rh1+ $1 {[%mdl 512]} 56. Rxh1 Rxb2 57. Rb1 Re2 {Accuracy: White = 55%, Black = 64%.} 0-1

[Event "Groningen Festival 2018"]
[Site "Groningen"]
[Date "2018.12.23"]
[Round "3"]
[White "Kokje, Joris"]
[Black "Gleizerov, Evgeny"]
[Result "1/2-1/2"]
[WhiteElo "2244"]
[BlackElo "2504"]
[Annotator "TA"]
[PlyCount "58"]
[EventDate "2018.12.22"]
[EventType "swiss"]
[EventCountry "NED"]
[SourceTitle "playchess.com"]
[Source "ChessBase"]
[SourceQuality "1"]

{[%evp 27,58,25,26,19,24,19,12,13,17,0,15,28,17,12,20,10,0,-6,3,0,0,0,9,0,5,4,68,45,142,140,138,0,114]} 1. d4 e6 2. c4 f5 3. Nf3 Nf6 4. g3 d5 5. Bg2 c6 6. O-O Bd6 7. b3 Qe7 8. a4 a5 9. Ba3 Bxa3 10. Nxa3 b6 11. Ne5 Bb7 12. Qc1 O-O {A90: Dutch Defence: Miscellaneous and Modern Stonewall (with ...Bd6)} 13. Qb2 Na6 14. Rac1 Rac8 {LiveBook: 3 Games. White has an edge.} 15. e3 Rfd8 16. Rfd1 c5 17. Nb5 Nb4 18. cxd5 $146 ({Predecessor:} 18. Nc3 Ne4 19. Ne2 {1-0 (49) Zoler,D (2474)-Spielmann,A (2286) Paris 2010}) 18... Bxd5 19. Nc4 Bxg2 20. Kxg2 cxd4 21. Nxd4 Nd7 22. Nf3 Rb8 23. Rd2 Nc5 {[#] aiming for ...Nbd3.} 24. Rcd1 Rxd2 25. Rxd2 Qb7 26. Rd6 Qc7 ({Black should play} 26... Nc6 $11) 27. Qe5 g6 (27... h6 $14) 28. Ng5 $16 Nc6 29. Qf4 ({Resist} 29. Nxe6 $6 Nxe5 30. Nxc7 Nxc4 $14) ({White should try} 29. Qf6 $16 Rf8 30. Nxe6 Rxf6 31. Nxc7 {[%mdl 64] Discovered Attack} Rxd6 32. Nxd6) 29... Re8 {Accuracy: White = 56%, Black = 46%.} (29... Rd8 $1 $11) 1/2-1/2

[Event "Groningen Festival 2018"]
[Site "Groningen"]
[Date "2018.12.23"]
[Round "3"]
[White "Jedlicka, Ales"]
[Black "Zwirs, Nico"]
[Result "1/2-1/2"]
[WhiteElo "2226"]
[BlackElo "2414"]
[Annotator "TA"]
[PlyCount "109"]
[EventDate "2018.12.22"]
[EventType "swiss"]
[EventCountry "NED"]
[SourceTitle "playchess.com"]
[Source "ChessBase"]
[SourceQuality "1"]

{[%evp 18,109,43,37,67,55,66,68,97,72,87,40,56,26,56,58,136,129,164,158,149,162,159,168,132,0,4,0,0,0,35,31,144,135,260,260,229,68,251,170,174,172,198,185,209,131,144,109,104,131,95,107,113,53,131,126,788,131,131,131,131,131,131,131,188,188,188,51,51,51,68,63,89,9,10,8,8,8,8,8,16,16,97,19,19,19,16,0,0,0,0,0,0,0]} 1. d4 Nf6 2. c4 g6 3. Nc3 Bg7 4. e4 d6 5. h3 O-O 6. Nf3 c6 7. Bd3 e5 8. d5 a5 9. Bg5 Na6 10. O-O h6 {E90: King's Indian: Classical: Early deviations and 6 h3} (10... Nc5 11. Bc2 Qc7 12. Nd2 cxd5 13. cxd5 Bd7 14. a4 Rfc8 15. Rc1 Ne8 16. Qe2 Qb6 17. Nb5 Bxb5 18. Qxb5 Qxb5 19. axb5 {0-1 (49) Krasenkow,M (2651)-Miroshnichenko,E (2548) Warsaw 2002}) 11. Be3 Nh5 $146 ({Predecessor:} 11... cxd5 12. cxd5 Nd7 13. Nh2 f5 14. f3 Ndc5 15. Bc4 f4 16. Bf2 Bf6 17. Qe2 Bh4 18. a3 Bxf2+ 19. Qxf2 {0-1 (57) Hernandez,B (2176)-Berdayes Ason,D (2111) Havana 2013}) 12. Qd2 Kh7 {White is slightly better.} 13. a3 Qf6 14. Nh2 Nf4 15. f3 Nxd3 16. Qxd3 c5 (16... Nc5 $14 17. Qc2 Bd7) 17. f4 $1 $16 exf4 18. Bxf4 {And now Nb5 would win.} ({But not} 18. Rxf4 $6 Qd8 $14) 18... Nc7 19. Qg3 Qd4+ 20. Kh1 Ne8 21. Rad1 (21. Nb5 $16 Qxc4 22. Nxd6) 21... Qxc4 $11 22. Bxd6 Nxd6 23. Qxd6 Kg8 24. Nf3 $36 {[%mdl 2048] White is more active.} Ra6 (24... b5 $1 $14) 25. Qc7 Bxc3 (25... Ra8 $16 26. Ne5 Bxe5 27. Qxe5 b5) 26. bxc3 $18 {[%cal Bb2c3,Bc3c4][%mdl 32] Black must now prevent Ne5.} Qxe4 {intending ...Rf6.} 27. Qxc5 $2 (27. d6 $18) 27... Qf4 $2 ({Better is} 27... Rf6 $1 $14) 28. Qe7 {aiming for d6.} Qd6 29. Qe3 $1 {[%cal Re3h6]} g5 30. c4 b6 31. Qd4 f6 32. Nd2 f5 33. Nf3 Ra7 34. Rb1 Rb7 35. Ne5 (35. Rfe1 $16) 35... Re8 (35... f4 $14) 36. Rfe1 $16 Qxa3 $2 {[%mdl 8192]} (36... f4 $16 37. Nc6 Bd7) 37. d6 $2 (37. Ng6 $18 Rxe1+ 38. Rxe1) 37... Qc5 38. d7 Rxd7 39. Qxc5 bxc5 40. Nxd7 Bxd7 (40... Rxe1+ $16 41. Rxe1 Bxd7) 41. Rxe8+ $18 Bxe8 $16 {[%mdl 4096] Endgame [#] KR-KB} 42. Rb8 (42. Rb5 $1 $18 {[%mdl 512]}) 42... Kf7 $14 43. Rc8 a4 44. Rxc5 Ke6 {[#]} 45. Kg1 ({White should play} 45. g3 $1 $16) 45... f4 $11 46. Kf2 Kd6 47. Ra5 Bc6 48. g3 fxg3+ 49. Kxg3 Bd7 (49... Kc7 $1 $11) 50. h4 (50. c5+ $16 Kc7 51. Ra7+ Kc8 52. Kf3) 50... gxh4+ {The position is equal.} 51. Kxh4 Be8 52. Ra8 Kc5 53. Rxe8 Kxc4 54. Ra8 Kb3 55. Rb8+ {Accuracy: White = 38%, Black = 33%.} 1/2-1/2

[Event "Groningen Festival 2018"]
[Site "Groningen"]
[Date "2018.12.23"]
[Round "3"]
[White "Baselmans, Luuk"]
[Black "Grooten, Herman"]
[Result "1-0"]
[WhiteElo "2191"]
[BlackElo "2374"]
[Annotator "TA"]
[PlyCount "87"]
[EventDate "2018.12.22"]
[EventType "swiss"]
[EventCountry "NED"]
[SourceTitle "playchess.com"]
[Source "ChessBase"]
[SourceQuality "1"]

{[%evp 18,86,16,0,0,0,0,-20,0,-30,-15,-1,-13,-58,-88,-68,-13,-58,-35,-41,-45,-33,3,0,135,143,334,351,365,345,357,358,389,393,379,331,328,312,333,317,290,283,310,216,301,0,123,81,174,41,59,0,0,0,210,102,320,314,322,316,1563,743,714,685,5060,1040,982,965,29998,29999,29999]} 1. e4 e5 2. Bc4 Nc6 3. Nf3 Bc5 4. c3 Nf6 5. d3 d6 6. Bb3 a6 7. h3 {C54: Giuoco Piano: 4 c3 Nf6, main lines with 5 d4 and 5 d3} (7. Nbd2 O-O 8. h3 Be6 9. O-O h6 10. Re1 Re8 11. Nf1 d5 12. Qe2 Qd7 13. N3h2 dxe4 14. dxe4 Bxb3 15. axb3 a5 16. Qf3 Qe6 17. Ng3 Rad8 18. Nf5 {1-0 (54) Mamedov,R (2709)-Quesada Perez,Y (2627) chess.com INT 2018}) 7... h6 8. Nbd2 O-O 9. Nf1 Be6 10. Ng3 {LiveBook: 18 Games} Qd7 11. Nh4 Ne7 12. Bc2 d5 13. Qe2 Rad8 $146 ({Predecessor:} 13... b5 14. Qf3 Rad8 15. O-O {1-0 (26) Iordanidou,Z (2152)-Stefanidi,M (2080) Chania 2010}) 14. exd5 Nexd5 {Hoping for ...Nf4.} 15. Ne4 Nxe4 16. dxe4 Nf6 (16... Nf4 $15 17. Bxf4 exf4) 17. g4 Qc6 18. g5 hxg5 19. Bxg5 Bc4 20. Qf3 Rd6 (20... Rd7 $11 {keeps the balance.}) 21. Nf5 $16 {Ne7+ is the strong threat.} Re6 $2 {[#]} (21... Rd7 $16 {was worth a try.}) 22. b3 $1 $18 Bb5 23. a4 {[%mdl 64] Trapped Piece} Bb4 24. Bd2 (24. cxb4 Qxc2 25. axb5 Qxe4+ 26. Qxe4 Nxe4 $18) (24. axb5 Qxc3+ 25. Qxc3 Bxc3+ 26. Ke2 Bxa1 $14) 24... Rd8 25. axb5 axb5 26. Rg1 g6 27. Rd1 Kh7 28. Ng3 (28. cxb4 Qxc2 29. Qe3 Qxe4 $16) 28... Red6 {intending ...Rxd2.} 29. Ne2 R8d7 30. Qe3 Bc5 31. Qf3 $2 ({Only move:} 31. Qh6+ $18 Kg8 32. Ng3) 31... b4 (31... Bb4 $1 $11 32. Bg5 Rxd1+ 33. Bxd1 Be7) 32. Rg3 Nh5 (32... Kg8 $16) 33. Rg2 ({White has to play} 33. Rg5 $18) 33... Qa6 {And now ...Qa2 would win.} 34. Bc1 (34. Nc1 $14) 34... Rxd1+ $11 35. Bxd1 {Strongly threatening Rg5.} Qa1 $2 (35... bxc3 $1 $11 {and Black is okay.} 36. Qxc3 (36. Nxc3 Bb4 $17) 36... Qb5) 36. Rg4 (36. Rg5 $18 Nf4 37. Nxf4 {[%mdl 64] Pin} Qxc1 {[%mdl 64] Pin} 38. Nd5 Qxg5 39. Nf6+ {[%mdl 64] Double Attack} Kg7 40. Nxd7) 36... Nf4 $2 (36... bxc3 $16 37. Qxc3 Qxc3+ 38. Nxc3 Bb4) 37. Nxf4 $18 exf4 38. Qxf4 bxc3 $2 (38... Qxc3+ 39. Bd2 Qd4) 39. Qf6 (39. Rh4+ $142 Kg8 40. Qe5 Rxd1+ 41. Ke2 (41. Kxd1 $2 {too greedy.} c2+ {[%mdl 64] Discovered Attack} 42. Kxc2 Qxe5 $19) 41... Qa2+ 42. Kxd1 Qxb3+ 43. Ke1 Bxf2+ {[%mdl 64] Decoy} 44. Kxf2 Qc2+ 45. Kg3 Qd3+ 46. Kf4 Qf1+ 47. Kg5 Qg1+ 48. Rg4) 39... Rxd1+ 40. Ke2 (40. Kxd1 $2 {[#] loses.} c2+ $1 {[%mdl 512]} 41. Kxc2 Qxf6 $19) 40... Qa2+ 41. Kxd1 Qxb3+ 42. Ke1 {White threatens Rh4+ and mate.} Qc2 43. Qxf7+ {[%mdl 64] Double Attack} Kh8 44. Rh4# {Accuracy: White = 49%, Black = 28%.} 1-0

[Event "Groningen Festival 2018"]
[Site "Groningen"]
[Date "2018.12.23"]
[Round "3"]
[White "Van Roon, Sjoerd"]
[Black "Maatman, Nick"]
[Result "0-1"]
[WhiteElo "2136"]
[BlackElo "2363"]
[Annotator "TA"]
[PlyCount "54"]
[EventDate "2018.12.22"]
[EventType "swiss"]
[EventCountry "NED"]
[SourceTitle "playchess.com"]
[Source "ChessBase"]
[SourceQuality "1"]

{[%evp 18,54,-24,-40,-43,-19,28,43,62,-42,-51,-55,0,0,37,-17,0,-53,-43,-71,-61,-71,-39,-42,-41,-29,-27,-72,-38,-304,-290,-483,-472,-472,-462,-472,-470,-608,-588]} 1. e4 e6 2. d4 d5 3. e5 c5 4. c3 Qb6 5. Nf3 Nc6 6. Bd3 cxd4 7. cxd4 Bd7 8. O-O Nxd4 9. Nbd2 Bc5 {[#] C02: French: Advance Variation} (9... Nc6 10. Nb3 Nge7 11. Be3 Qd8 12. Nc5 Rb8 13. Rc1 Ng6 14. Bb5 Be7 15. Nxd7 Qxd7 16. Bxa7 Ra8 17. Be3 Rxa2 {1-0 (49) Topalov,V (2752)-Morozevich,A (2770) Astana 2012}) 10. b4 $1 {[%mdl 512] LiveBook: 4 Games} Nxf3+ (10... Qxb4 11. Rb1) 11. Nxf3 Bd4 {The position is equal.} 12. Rb1 $146 Ne7 {[%cal Bg8e7,Be7d5,Bd5c3][%mdl 32]} 13. Bf4 (13. Qd2 $14) 13... Bc3 $15 14. Qe2 h6 (14... a6 $1 $15) 15. Rfc1 $11 d4 16. b5 (16. Nd2 $14) 16... Nd5 17. Bd2 (17. Qe4 $11) 17... Rc8 $36 {[%mdl 2048] Black fights for an advantage.} 18. Qe4 Bxd2 19. Nxd2 {[%cal Bf3d2,Bd2c4,Bc4d6][%mdl 32]} Nc3 20. Rxc3 Rxc3 21. Nc4 Qc5 22. Nd6+ Ke7 {[#] aiming for ...f5.} 23. Qh4+ $2 {[%mdl 8192]} (23. Qf4 $1 $15 f6 24. exf6+ gxf6 25. Ne4) 23... g5 $19 24. Qh5 $2 (24. Qg3 Rc1+ 25. Rxc1 Qxc1+ 26. Bf1) 24... Qxe5 {Black is clearly winning.} 25. Nxf7 Be8 26. Nxe5 Bxh5 27. Re1 Rhc8 {Accuracy: White = 29%, Black = 70%.} 0-1

[Event "Groningen Festival 2018"]
[Site "Groningen"]
[Date "2018.12.24"]
[Round "4"]
[White "Tiviakov, Sergei"]
[Black "Beerdsen, Thomas"]
[Result "1-0"]
[WhiteElo "2613"]
[BlackElo "2477"]
[Annotator "TA"]
[PlyCount "47"]
[EventDate "2018.12.22"]
[EventType "swiss"]
[EventCountry "NED"]
[SourceTitle "playchess.com"]
[Source "ChessBase"]
[SourceQuality "1"]

{[%evp 10,47,30,20,22,28,52,45,47,36,61,61,99,52,75,75,89,70,82,74,83,78,66,65,95,64,152,176,258,285,383,366,394,412,411,404,427,427,1218,1202]} 1. e4 e5 2. Nf3 Nc6 3. Bc4 Nf6 4. d3 h6 5. c3 d6 6. Bb3 {LiveBook: 90 Games} Qe7 {C55: Two Knights: 4 d3, 4 d4 exd4 5 e5 and Max Lange Attack} 7. Nbd2 Be6 (7... g6 8. Nf1 Bg7 9. Ne3 O-O 10. O-O Nd8 11. Re1 c6 12. h3 Ne6 13. g3 Nc5 14. Kg2 Nxb3 15. axb3 {0-1 (44) Tsydypov,Z (2529)-Fedoseev,V (2731) Sochi 2017}) 8. O-O O-O-O $146 {White is slightly better.} ({Predecessor:} 8... g5 9. Bxe6 fxe6 10. d4 exd4 11. cxd4 O-O-O 12. b4 a6 13. a4 Nxb4 14. Ba3 {0-1 (30) Carballo Cancela,M (2093)-Beerdsen,T (2469) Barcelona 2018}) 9. Ba4 Nb8 10. d4 {[%cal Bd3d4,Bd4d5][%mdl 32]} Nbd7 11. Qe2 g5 12. d5 Bg4 13. Nc4 Nb6 14. Nxb6+ cxb6 15. Bc2 Qc7 16. a4 Kb8 17. Be3 Rc8 (17... Nh5 $14) 18. a5 $16 {aiming for axb6.} bxa5 {[#]} (18... b5 {might work better.} 19. Qxb5 Bxf3) 19. b4 $1 $18 a6 (19... Qxc3 20. Rxa5 Bxf3 21. Qxf3 $18 (21. Bxa7+ Kc7 $16)) 20. Rxa5 Be7 ({Not} 20... Qxc3 21. Bd3 $16) 21. Bd3 Nxe4 22. Bxe4 f5 23. Bd3 e4 {[#]} (23... f4 $142 24. Bd2 Bd7) 24. Bxa6 $1 {Accuracy: White = 83%, Black = 38%.} 1-0